000
00187 a2200097 4500
020
_a
9780761393412
041
_a
spa
100
_a
Robin Nelson
245
_a
El ciclo de Noche
942
_c
BK
999
_c
14220
_d
14220